Teoría de la responsabilidad precontractual: aplicaciones en la formación del consentimiento de los contratos
Bewaard in:
| Hoofdauteur: | |
|---|---|
| Formaat: | Boek |
| Taal: | Spaans |
| Gepubliceerd in: |
Santiago
LexisNexis
2006
|
| Editie: | 1a. ed |
| Onderwerpen: | |
| Tags: |
Voeg label toe
Geen labels, Wees de eerste die dit record labelt!
|
MARC
| LEADER | 00000nam a2200000 a 4500 | ||
|---|---|---|---|
| 001 | UCJ1360 | ||
| 003 | CL-VaPUC | ||
| 008 | 061013e20060000CL |||||||||||||||||spa|d | ||
| 020 | |a 9562386465 | ||
| 082 | 0 | 4 | |a 346.8302 |b ZUL |2 21 |
| 100 | 0 | |a Zuloaga Ríos, Isabel Margarita |e author |9 501986 | |
| 245 | 1 | 0 | |a Teoría de la responsabilidad precontractual: aplicaciones en la formación del consentimiento de los contratos |
| 250 | |a 1a. ed | ||
| 300 | |a 333 p | ||
| 942 | |c BK | ||
| 945 | |d 20061013 00:00:00 |a jtorresc | ||
| 260 | |a Santiago |b LexisNexis |c 2006 | ||
| 500 | |a www.lexisnexis.cl | ||
| 650 | 7 | |a RESPONSABILIDAD PRECONTRACTUAL |2 CL-VaPUC |9 432128 | |
| 650 | 7 | |a INCLUMIENTO DE LOS CONTRATOS |2 CL-VaPUC |9 501987 | |
| 650 | 0 | |a Nulidad de los contratos |9 356193 | |
| 650 | 7 | |a ERECHO COMPARADO |2 CL-VaPUC |9 501988 | |
| 651 | 7 | |a CHILE |2 CL-VaPUC |9 501989 | |
| 583 | |a last modification |c 20061013 00:00:00 |k Rodrigo Vera | ||
| 999 | |c 317980 |d 317978 | ||
| 952 | |0 0 |1 0 |4 0 |6 346_830200000000000_ZUL_2006 |7 0 |8 A |9 395119 |a BIBDER |b BIBDER |d 2019-11-22 |i 4287401 |o 346.8302 ZUL 2006 |p 4287401 |r 2023-01-25 |w 2019-11-22 |y BK |k DER | ||